[Event "HUN-chT2 Toth 1314"]
[Site "Hungary"]
[Date "2013.10.20"]
[Round "3.5"]
[White "Talmacsi, Jozsef"]
[Black "Miklos, Csaba"]
[Result "1/2-1/2"]
[WhiteElo "2122"]
[BlackElo "2045"]
[PlyCount "28"]
[EventDate "2013.09.08"]
[EventType "team-tourn"]
[EventRounds "11"]
[EventCountry "HUN"]
[SourceTitle "EXT 2016"]
[Source "ChessBase"]
[SourceDate "2015.10.08"]
[SourceVersion "1"]
[SourceVersionDate "2015.10.08"]
[SourceQuality "1"]
[WhiteTeam "Toth Laszlo II"]
[BlackTeam "Kecskemet Takisz"]
[WhiteTeamCountry "HUN"]
[BlackTeamCountry "HUN"]

1. d4 Nf6 2. Nf3 e6 3. g3 c5 4. c4 cxd4 5. Nxd4 Nc6 6. Nb5 d6 7. Bg2 a6 8. Nd4 Qb6 9. Nxc6 bxc6 10. 0-0 Be7 11. b3 0-0 12. Nc3 d5 13. cxd5 cxd5 14. e3 Bb7 1/2-1/2

[Event "SA-2012-0-00293"]
[Site "LSS email"]
[Date "2012.08.28"]
[Round "?"]
[White "Morcin, Tom"]
[Black "Talmacsi, Jozsef"]
[Result "1/2-1/2"]
[WhiteElo "2115"]
[BlackElo "2069"]
[PlyCount "115"]
[EventDate "2012.08.14"]
[EventType "tourn (corr)"]
[EventRounds "6"]
[EventCountry "GER"]
[SourceTitle "Telechess CBM 161"]
[Source "ChessBase"]
[SourceDate "2014.07.16"]
[SourceVersion "1"]
[SourceVersionDate "2014.07.16"]
[SourceQuality "1"]

1. e4 c5 2. Nf3 d6 3. d4 cxd4 4. Nxd4 Nf6 5. Nc3 a6 6. Bg5 e6 7. f4 Be7 8. Qf3 Qc7 9. 0-0-0 Nbd7 10. g4 b5 11. Bxf6 Nxf6 12. g5 Nd7 13. f5 0-0 14. Rg1 b4 15. Nce2 e5 16. f6 exd4 17. fxe7 Re8 18. Nxd4 Ne5 19. Qb3 Bg4 20. Rd2 Rxe7 21. Qd5 Rd8 22. Nf5 Re6 23. Rg3 a5 24. h4 a4 25. Qd4 b3 26. axb3 axb3 27. Rxb3 d5 28. Bb5 f6 29. gxf6 Rxf6 30. Qc3 Qa7 31. Kb1 Bxf5 32. exf5 Rxf5 33. Rd1 Qe7 34. Ba6 Qd6 35. Be2 d4 36. Qa5 Rf7 37. Re3 Re7 38. Qb5 Qc7 39. Re4 d3 40. Bxd3 Nxd3 41. Rxe7 Qxe7 42. Qc4+ Qf7 43. Qxf7+ Kxf7 44. Rxd3 Rxd3 45. cxd3 h5 46. Kc2 g5 47. Kd2 g4 48. d4 Ke6 49. b4 Kd5 50. b5 Kd6 51. Ke2 Kd5 52. Ke3 Kd6 53. Ke4 Kd7 54. d5 Kd6 55. b6 Kd7 56. Kf4 Kd6 57. Ke3 Kd7 58. Kf2 1/2-1/2

[Event "SA-2012-0-00293"]
[Site "LSS email"]
[Date "2012.08.27"]
[Round "?"]
[White "Talmacsi, Jozsef"]
[Black "Van Bommel, Ton"]
[Result "1/2-1/2"]
[WhiteElo "2069"]
[BlackElo "2059"]
[PlyCount "73"]
[EventDate "2012.08.14"]
[EventType "tourn (corr)"]
[EventRounds "6"]
[EventCountry "GER"]
[SourceTitle "Telechess CBM 161"]
[Source "ChessBase"]
[SourceDate "2014.07.16"]
[SourceVersion "1"]
[SourceVersionDate "2014.07.16"]
[SourceQuality "1"]

1. d4 e6 2. c4 d5 3. Nf3 Nf6 4. g3 Nc6 5. Bg2 dxc4 6. Qa4 Bb4+ 7. Bd2 Nd5 8. Bxb4 Ndxb4 9. 0-0 Rb8 10. Na3 0-0 11. Qb5 a6 12. Qxc4 b5 13. Qc1 Nxd4 14. Nxd4 Qxd4 15. Qxc7 Qb6 16. Qf4 Nc6 17. Rfd1 Bb7 18. Rd6 Rfd8 19. Rad1 Rxd6 20. Rxd6 Rd8 21. h3 g6 22. Nc2 Qc5 23. Rxd8+ Nxd8 24. Bxb7 Nxb7 25. Nb4 e5 26. Qd2 Nd6 27. Nd3 Qd4 28. Qb4 Nc4 29. b3 e4 30. bxc4 exd3 31. exd3 Qxd3 32. cxb5 axb5 33. a3 Qd5 34. Qe7 Kg7 35. h4 Qd1+ 36. Kg2 Qd5+ 37. Kg1 1/2-1/2

[Event "LSS SA-2010-0-00149"]
[Site "LSS email"]
[Date "2010.09.04"]
[Round "?"]
[White "Carroll, Patrick J"]
[Black "Talmacsi, Jozsef"]
[Result "1-0"]
[WhiteElo "2120"]
[BlackElo "2088"]
[PlyCount "67"]
[EventDate "2010.08.14"]
[EventType "tourn (corr)"]
[EventRounds "6"]
[EventCountry "GER"]
[SourceTitle "Telechess CBM 143"]
[Source "ChessBase"]
[SourceDate "2011.07.15"]
[SourceVersion "1"]
[SourceVersionDate "2011.07.15"]
[SourceQuality "1"]

1. e4 c5 2. Nf3 d6 3. d4 cxd4 4. Nxd4 Nf6 5. Nc3 a6 6. Bg5 e6 7. f4 Qc7 8. Qe2 Nc6 9. 0-0-0 Nxd4 10. Rxd4 Be7 11. g4 h6 12. Bh4 g5 13. fxg5 Nd7 14. e5 Nxe5 15. Ne4 Nc6 16. Rd2 Qa5 17. a3 hxg5 18. Bg3 d5 19. Nd6+ Bxd6 20. Bxd6 Bd7 21. Qf2 0-0-0 22. Bg2 d4 23. Qxf7 e5 24. Bxc6 bxc6 25. Re1 Rde8 26. Qf6 Qd5 27. Rxe5 Qa2 28. Rde2 Rd8 29. Rc5 Rde8 30. Be5 Qe6 31. Qf3 Kb7 32. h3 Rhf8 33. Qd3 Rf7 34. Qxd4 1-0

[Event "LSS ZH-2009-0-00350"]
[Site "LSS email"]
[Date "2009.11.08"]
[Round "?"]
[White "Talmacsi, Jozsef"]
[Black "Mendieta Aibar, Pedro"]
[Result "1/2-1/2"]
[WhiteElo "2094"]
[BlackElo "2075"]
[PlyCount "88"]
[EventDate "2009.10.30"]
[EventType "match (corr)"]
[EventRounds "2"]
[EventCountry "GER"]
[SourceTitle "Corr 2013"]
[Source "ChessBase"]
[SourceDate "2012.11.12"]
[SourceVersion "1"]
[SourceVersionDate "2012.11.12"]
[SourceQuality "1"]

1. d4 Nf6 2. c4 e6 3. g3 c5 4. d5 exd5 5. cxd5 g6 6. Nc3 d6 7. Bg2 Bg7 8. Nf3 0-0 9. 0-0 Re8 10. Nd2 a6 11. a4 Nbd7 12. a5 b5 13. axb6 Nxb6 14. e4 Ng4 15. Nf3 Nc4 16. h3 Nge5 17. Nxe5 Nxe5 18. f4 Nd7 19. Kh2 Rb8 20. Qc2 Qb6 21. Ra3 Qb4 22. Nd1 Nb6 23. Rb3 Qd4 24. Bd2 Bd7 25. Bc3 Qc4 26. Ne3 Qa4 27. Bxg7 Kxg7 28. Qc3+ Qd4 29. Qc1 a5 30. f5 f6 31. h4 Rf8 32. Ng4 Bxf5 33. Qh6+ Kg8 34. Ne3 Bxe4 35. Rf4 Rfe8 36. h5 Qd2 37. hxg6 Bxg6 38. Rxf6 Qd4 39. Rxd6 a4 40. Rxg6+ hxg6 41. Qxg6+ Qg7 42. Rxb6 Qxg6 43. Rxg6+ Kf7 44. Re6 Rxe6 1/2-1/2

[Event "IECG WC.2008.P.00008 email"]
[Site "IECG email"]
[Date "2004.03.05"]
[Round "?"]
[White "Talmacsi, Jozsef"]
[Black "Kopasov, Evgeny Aleksandrovi"]
[Result "1/2-1/2"]
[WhiteElo "2095"]
[BlackElo "2147"]
[PlyCount "56"]
[EventDate "2004.03.05"]
[EventType "tourn (corr)"]
[EventRounds "6"]
[SourceTitle "Corr 2008"]
[Source "ChessBase"]
[SourceDate "2008.06.24"]
[SourceVersion "1"]
[SourceVersionDate "2008.06.24"]
[SourceQuality "1"]

1. d4 Nf6 2. c4 g6 3. Nc3 d5 4. cxd5 Nxd5 5. e4 Nxc3 6. bxc3 Bg7 7. Nf3 c5 8. Rb1 0-0 9. Be2 b6 10. 0-0 Bb7 11. Qd3 Ba6 12. Qe3 Qd7 13. Bxa6 Nxa6 14. Qe2 Nc7 15. Rd1 Qa4 16. Be3 Rad8 17. Rdc1 Rd7 18. Qc2 Qxc2 19. Rxc2 cxd4 20. cxd4 f5 21. Rbc1 Ne6 22. d5 Nc5 23. Bxc5 bxc5 24. e5 Rxd5 25. Rxc5 Rxc5 26. Rxc5 Rb8 27. h4 Bh6 28. Ra5 Rb7 1/2-1/2

[Event "IECG CB.2002.0.00060 email"]
[Site "IECG email"]
[Date "2002.11.06"]
[Round "?"]
[White "Ginther, Ron"]
[Black "Talmacsi, Jozsef"]
[Result "0-1"]
[WhiteElo "1929"]
[BlackElo "1987"]
[PlyCount "92"]
[EventDate "2002.11.06"]
[EventType "tourn (corr)"]
[EventRounds "6"]
[SourceTitle "Corr 2008"]
[Source "ChessBase"]
[SourceDate "2008.06.24"]
[SourceVersion "1"]
[SourceVersionDate "2008.06.24"]
[SourceQuality "1"]

1. e4 c5 2. Nf3 d6 3. Bb5+ Bd7 4. Bxd7+ Qxd7 5. 0-0 Nc6 6. d4 cxd4 7. Nxd4 Nf6 8. Nc3 e6 9. Qd3 Be7 10. Bg5 0-0 11. Rad1 Rfd8 12. Qg3 a6 13. Nxc6 Qxc6 14. Rd3 b5 15. a3 a5 16. b4 axb4 17. axb4 Qc4 18. Rb1 Rdc8 19. f4 Rc6 20. e5 dxe5 21. fxe5 Nh5 22. Qe3 Bxb4 23. Nxb5 Qxb5 24. c3 Rc4 25. cxb4 Rxb4 26. Rbd1 Rb1 27. g4 h6 28. Qe4 Rf8 29. Bxh6 gxh6 30. gxh5 Kh8 31. Kf2 Rxd1 32. Rxd1 f5 33. exf6 Qxh5 34. Qf4 e5 35. Qf3 Qxh2+ 36. Ke3 Qc2 37. Qg3 Qb3+ 38. Rd3 Qb6+ 39. Ke2 Qxf6 40. Rc3 e4 41. Kd2 Qd4+ 42. Ke2 Qd5 43. Qc7 Qh5+ 44. Ke3 Qg5+ 45. Kd4 Rd8+ 46. Kc4 e3 0-1

[Event "IECG CB.2002.0.00060 email"]
[Site "IECG email"]
[Date "2002.11.06"]
[Round "?"]
[White "Sveinsson, Jon Arni"]
[Black "Talmacsi, Jozsef"]
[Result "0-1"]
[WhiteElo "1922"]
[BlackElo "1987"]
[PlyCount "76"]
[EventDate "2002.11.06"]
[EventType "tourn (corr)"]
[EventRounds "6"]
[SourceTitle "Corr 2008"]
[Source "ChessBase"]
[SourceDate "2008.06.24"]
[SourceVersion "1"]
[SourceVersionDate "2008.06.24"]
[SourceQuality "1"]

1. e4 c5 2. Nf3 d6 3. d4 cxd4 4. Nxd4 Nf6 5. Nc3 a6 6. Bg5 e6 7. f4 Qc7 8. Bxf6 gxf6 9. Qd2 Nc6 10. 0-0-0 Bd7 11. Kb1 0-0-0 12. Be2 h5 13. Bf3 Kb8 14. Nb3 h4 15. g4 Be7 16. h3 Na5 17. Nxa5 Qxa5 18. Ne2 Qb6 19. Qd4 Qc5 20. Rhe1 Bc6 21. b4 Qxd4 22. Nxd4 Bd7 23. c4 Rc8 24. Rc1 Bf8 25. Kb2 Bh6 26. Ne2 e5 27. Red1 Be6 28. Rxd6 Bxc4 29. a3 Bf8 30. Rd2 Bg7 31. Rcd1 exf4 32. Kb1 f5 33. exf5 Rhe8 34. Rd7 Bxe2 35. Rxb7+ Ka8 36. Bd5 Re5 37. Re7+ Rxd5 38. Rxd5 Bb5 0-1